子供の成長と教育= Growth and education of children

Zapisane w:
Opis bibliograficzny
Format: Książka
Język:Undetermined
Wydane: Japan Longman 1979
Hasła przedmiotowe:
Etykiety: Dodaj etykietę
Nie ma etykietki, Dołącz pierwszą etykiete!
Thư viện lưu trữ: Trung tâm Học liệu Trường Đại học Cần Thơ
LEADER 00498nam a2200169Ia 4500
001 CTU_237299
008 210402s9999 xx 000 0 und d
082 |a 305.231 
082 |b G884/Vol.5-No.2 
245 0 |a 子供の成長と教育= 
245 0 |b Growth and education of children 
260 |a Japan 
260 |b Longman 
260 |c 1979 
650 |a Phát triển kỹ năng cho trẻ,Child development 
910 |a Tuyến 
980 |a Trung tâm Học liệu Trường Đại học Cần Thơ